000 00854nam a2200289Ia 4500
001 Z_593
003 CHAP
008 220113s1969 xx 000 0 und d
010 _a163703
040 _cCHAP
090 _aTesis P 587
100 _aPérez Pérez, Jorge
_989929
245 _aUtilización de la harina de pluma como fuente de proteína en dietas para gallinas ponedoras /
_cpor Jorge Pérez Camargo
260 _aChapingo, Méx. :
_bEl autor,
_c1969
300 _a35 h
440 _a
502 _aTesis (Ing. Agrónomo Esp. en Zootecnia) -- ENA. Departamento de Zootecnia
503 _a
650 _aAves de corral
_xAlimentación I. ENA. Departamento de Zootecnia II. t.
_9137825
650 _aHarina de pluma
_952725
901 _aTesis P 587
902 _aA
910 _a1969
942 _c2
942 _c2
999 _c163703
_d163703